| 000 | 01083cam a2200265 i 4500 | ||
|---|---|---|---|
| 005 | 20191224041730.0 | ||
| 008 | 031210s2003 ck abo r 000 0 spa d | ||
| 015 | _aSSS | ||
| 020 | _a9586556611 | ||
| 040 |
_aCO-BoPUJ _cCO-BoIAVH _dCO-BoIAVH |
||
| 041 | 0 | _aspa | |
| 043 | _as-ck--- | ||
| 082 | 0 | 4 |
_a634.9 _bL43u |
| 100 | 1 |
_aLeal, Claudia _d1970- |
|
| 245 | 1 | 0 |
_aUnos bosques sembrados de aserríos : _bhistoria de la extracción maderera en el Pacífico colombiano / _cClaudia Leal y Eduardo Restrepo. |
| 260 |
_aMedellín : _bUniversidad de Antioquia _c2003. |
||
| 300 |
_a165 páginas : _bilustraciones, fotos y mapas ; _c22 cm. |
||
| 650 | 1 | 4 |
_aExplotación forestal _zRegión pacífica (colombia) |
| 650 | 2 | 4 |
_aIndustrias de la madera _zRegión pacífica (colombia) |
| 700 | 1 |
_aRestrepo, Eduardo, _eautor. |
|
| 710 | 2 | _aCOLCIENCIAS | |
| 710 | 2 | _aInstituto Colombiano de Antropología e Historia. | |
| 710 | 2 |
_aUniversidad Nacional de Colombia. (Medellín) _bFacultad de Ciencias Humanas y Económicas |
|
| 942 |
_2ddc _cLIBRO |
||
| 999 |
_c4252 _d4252 |
||